000 00600nam a2200229Ia 4500
003 OSt
005 20230523110040.0
008 210423s2017 xx 000 0 und d
020 _a978-81-7515-763-7
040 _cAL
041 _aeng
082 _a378.16 GREB
100 _aGREEN (Sharon Weiner);WOLF (Ira K)
_9111080
245 _aBarrons GRE 2016 Ed 21
250 _a21
260 _aNew Delhi
_bGalgotia Publications Pvt Ltd
_c2017
300 _axi,607
_bPB
365 _b721
_cINR
650 _aHigher Education
_9111081
906 _a2016 ; 21 ; Barrons ; Ed ; GRE
942 _2ddc
_cBK
999 _c167902
_d167902